Campamentos juveniles
Gorde:
| Egile nagusia: | |
|---|---|
| Formatua: | Liburua |
| Hizkuntza: | gaztelania |
| Argitaratua: |
Buenos Aires
EUDEBA
1966
|
| Saila: | La Escuela en el Tiempo. Cuadernos del Secundario, 28
|
| Gaiak: | |
| Etiketak: |
Etiketa erantsi
Etiketarik gabe, Izan zaitez lehena erregistro honi etiketa jartzen!
|
MARC
| LEADER | 00000nam a2200000 a 4500 | ||
|---|---|---|---|
| 001 | UCZ6883 | ||
| 003 | CL-VaPUC | ||
| 008 | 951215e19660000AG |||||||||||||||||spa|d | ||
| 082 | 0 | 4 | |a 796.542 |b SAR |2 21 |
| 100 | 0 | |a Saraví Riviére, Jorge A |e author |9 351461 | |
| 245 | 1 | 0 | |a Campamentos juveniles |
| 300 | |a 64 p | ||
| 942 | |c BK | ||
| 945 | |d 19951215 00:00:00 |a lriquelm | ||
| 260 | |a Buenos Aires |b EUDEBA |c 1966 | ||
| 650 | 7 | |a CAMPAMENTO |2 CL-VaPUC |9 331097 | |
| 650 | 7 | |a EXCURSIONES AL AIRE LIBRE |2 CL-VaPUC |9 340682 | |
| 650 | 7 | |a PLANIFICACION |2 CL-VaPUC |9 260802 | |
| 650 | 0 | |a Juventud |9 271073 | |
| 583 | |a last modification |c 19951215 00:00:00 |k Rodrigo Vera | ||
| 490 | 0 | |a La Escuela en el Tiempo. Cuadernos del Secundario, 28 | |
| 999 | |c 243033 |d 243031 | ||
| 952 | |0 0 |1 0 |4 0 |6 796_542000000000000_SAR_1966 |7 0 |8 P |9 256407 |a BIBEDU |b BIBEDU |c BIBEDU_PB |d 2019-11-19 |i 1608568 |o 796.542 SAR 1966 |p 1608568 |r 2024-01-25 |w 2019-11-19 |y BK |k EDU | ||